Scheduled castes : (Record no. 126379)

MARC details
000 -LEADER
fixed length control field 00700nam a22002297a 4500
005 - DATE AND TIME OF LATEST TRANSACTION
control field 20170124110009.0
010 ## - LIBRARY OF CONGRESS CONTROL NUMBER
LC control number A-782337
020 ## - INTERNATIONAL STANDARD BOOK NUMBER
Terms of availability 00.00
035 ## - SYSTEM CONTROL NUMBER
System control number A-782337
037 ## - SOURCE OF ACQUISITION
Source of stock number/acquisition Cen Lib/Ret
040 ## - CATALOGING SOURCE
Original cataloging agency DPL
Language of cataloging EN
082 ## - DEWEY DECIMAL CLASSIFICATION NUMBER
Classification number 305.56
Item number MOH
100 ## - MAIN ENTRY--PERSONAL NAME
Personal name Mohan, P.E.
9 (RLIN) 17385
245 ## - TITLE STATEMENT
Title Scheduled castes :
Statement of responsibility, etc by P.E. Mohan
Remainder of title history of elevation, tamil nadu, 1900-1955 /
260 ## - PUBLICATION, DISTRIBUTION, ETC. (IMPRINT)
Name of publisher, distributor, etc New Era Publictions
Place of publication, distribution, etc Madras
Date of publication, distribution, etc 1993
270 ## - ADDRESS
City Madras
Postal code 600028
300 ## - PHYSICAL DESCRIPTION
Extent xi, 186p. :
Dimensions 21cm(Hb)
500 ## - GENERAL NOTE
General note Includes bibliographical references and index
650 ## - SUBJECT ADDED ENTRY--TOPICAL TERM
Topical term or geographic name as entry element Sheduled castes
9 (RLIN) 81226
650 ## - SUBJECT ADDED ENTRY--TOPICAL TERM
Topical term or geographic name as entry element Educational progresss
9 (RLIN) 17387
942 ## - ADDED ENTRY ELEMENTS (KOHA)
Source of classification or shelving scheme Dewey Decimal Classification
Koha item type English Books
Classification part 305.56
Call number suffix MOH
Holdings
Withdrawn status Lost status Damaged status Not for loan Home library Current library Date acquired Source of acquisition Cost, normal purchase price Total Checkouts Full call number Barcode Date last seen Copy number Cost, replacement price Price effective from Koha item type Public note
Written off       Central Library Central Library 25/06/2015 Cen Lib/Ret 0.00   305.56 MOH A-782337 25/06/2015 1 0.00 25/06/2015 English Books W/d list no. 6813/2

© Delhi Public Library
Hit Counter
free hit counter